Бухгалтерский управленческий учет. Практикум: учебник

Podrobná bibliografie
Hlavní autor: Керимов В. Э. Вагиф Эльдар оглы
Shrnutí:В практикуме даны вопросы для самостоятельного изучения курса "Бухгалтерский управленческий учет", приведены тестовые задания, ответы на них и список рекомендуемой литературы. Для студентов вузов, обучающихся по экономическим специальностям, а также преподавателей, аспирантов, профессиональных бухгалтеров и менеджеров.
Jazyk:ruština
Vydáno: Москва, Дашков и К, 2010
Vydání:7-е изд.
Témata:
Médium: MixedMaterials Kniha
KOHA link:https://koha.lib.tpu.ru/cgi-bin/koha/opac-detail.pl?biblionumber=165343

MARC

LEADER 00000nam0a2200000 4500
001 165343
005 20231101222539.0
010 |a 9785394006418 
035 |a (RuTPU)RU\TPU\book\179367 
035 |a RU\TPU\book\121392 
035 |a RU\TPU\book\136354 
090 |a 165343 
100 |a 20070326d2010 m y0rusy50 ca 
101 0 |a rus 
102 |a RU 
105 |a y j 001zy 
200 1 |a Бухгалтерский управленческий учет. Практикум  |e учебник  |f В. Э. Керимов 
205 |a 7-е изд. 
210 |a Москва  |c Дашков и К  |d 2010 
215 |a 100 с. 
320 |a Библиогр.: с. 95-98. 
330 |a В практикуме даны вопросы для самостоятельного изучения курса "Бухгалтерский управленческий учет", приведены тестовые задания, ответы на них и список рекомендуемой литературы. Для студентов вузов, обучающихся по экономическим специальностям, а также преподавателей, аспирантов, профессиональных бухгалтеров и менеджеров. 
606 1 |a Бухгалтерский учет  |2 stltpush  |3 (RuTPU)RU\TPU\subj\30744  |9 53805 
610 1 |a экономика 
610 1 |a управленческий учет 
610 1 |a бюджетирование 
610 1 |a снабженческо-заготовительная деятельность 
610 1 |a производственная деятельность 
610 1 |a коммерческая деятельность 
610 1 |a сбытовая деятельность 
610 1 |a управленческие решения 
610 1 |a стандарт-кост 
610 1 |a директ-костинг 
610 1 |a зарубежный опыт 
610 1 |a система ЛТ 
610 1 |a система АВС 
610 1 |a практикумы 
610 1 |a учебные пособия 
675 |a 657.22(076)  |v 3 
700 1 |a Керимов  |b В. Э.  |g Вагиф Эльдар оглы 
801 1 |a RU  |b 63413507  |c 20090917 
801 2 |a RU  |b 63413507  |c 20210227  |g RCR 
900 |a Бухгалтерский управленческий учет 
942 |c BK 
959 |a 94/20090916  |d 2  |e 55,00  |f ЧЗГЛ:1  |f АНЛ:1